000 00979cad a22002055a 4500
001 L152192
008 110209e20101220xxk f 000 0 eng d
035 _a(Sirsi) u152192
041 0 _aeng
110 2 _aFederation of Master Builders
_9465
245 0 0 _aVAT increase will cost more than 11 000 construction jobs, warns FMB
_h[electronic resource]
260 _c2010
490 _aFederation of Master Builders Press Release
_v20 December 2010
520 _a11,400 jobs will be lost in the construction sector over the next decade as a result of the VAT rise to 20 percent in the New Year and a further 34,000 will be lost from the UK economy as a whole by 2019.
590 _aKA
651 4 _aUnited Kingdom
_y
690 _aBUILT ENVIRONMENT-CONSTRUCTION MARKET
856 4 0 _uhttps://www.fmb.org.uk/news/press-releases/2010/december/vat-increase-will-cost-more-than-11000-construction-jobs-warns-fmb201210/
_zView the item free of charge at www.fmb.org.uk
942 _n0
999 _c82908
_d82908